SIMPLE STEPS TO IMPOSSIBLE DREAMS (Record no. 382464)

MARC details
000 -LEADER
fixed length control field 00391nam a2200145Ia 4500
008 - FIXED-LENGTH DATA ELEMENTS--GENERAL INFORMATION
fixed length control field 100122s9999 xx 000 0 und d
082 ## - DEWEY DECIMAL CLASSIFICATION NUMBER
Item number 71589
Classification number 150
100 ## - MAIN ENTRY--PERSONAL NAME
Personal name SCOTT STEVEN K
245 ## - TITLE STATEMENT
Title SIMPLE STEPS TO IMPOSSIBLE DREAMS
260 ## - PUBLICATION, DISTRIBUTION, ETC. (IMPRINT)
Name of publisher, distributor, etc FIRE SIDE
Date of publication, distribution, etc 1999
300 ## - PHYSICAL DESCRIPTION
Extent 269
630 ## - SUBJECT ADDED ENTRY--UNIFORM TITLE
Uniform title SIMPLE STEPS TO IMPOSSIBLE DREAMS
730 ## - ADDED ENTRY--UNIFORM TITLE
Uniform title SIMPLE STEPS TO IMPOSSIBLE DREAMS
942 ## - ADDED ENTRY ELEMENTS (KOHA)
Koha item type Book
Holdings
Withdrawn status Lost status Damaged status Not for loan Home library Current library Date acquired Cost, normal purchase price Total Checkouts Full call number Barcode Date last seen Cost, replacement price Price effective from Koha item type Public note
        S.V. Pathak Library, Vile Parle S.V. Pathak Library, Vile Parle 05/12/2007 185.00   71589 SVPPARLE-71589 01/25/2010 185.00 01/25/2010 Book ", , General, NA"